| 000 -LEADER |
| fixed length control field |
00344nam a2200145Ia 4500 |
| 003 - CONTROL NUMBER IDENTIFIER |
| control field |
MAJU-Karachi |
| 005 - DATE AND TIME OF LATEST TRANSACTION |
| control field |
20220628115224.0 |
| 008 - FIXED-LENGTH DATA ELEMENTS--GENERAL INFORMATION |
| fixed length control field |
190802s9999 xx 000 0 und d |
| 040 ## - CATALOGING SOURCE |
| Transcribing agency |
0 |
| 100 ## - MAIN ENTRY--PERSONAL NAME |
| Personal name |
Dr. Farrukh Malik |
| 245 #0 - TITLE STATEMENT |
| Title |
Truth of Fabrication |
| 260 ## - PUBLICATION, DISTRIBUTION, ETC. (IMPRINT) |
| Place of publication, distribution, etc |
Lahore |
| Name of publisher, distributor, etc |
Dr. Farrukh Malik |
| Date of publication, distribution, etc |
2006 |
| 300 ## - PHYSICAL DESCRIPTION |
| Extent |
318:p |
| 942 ## - ADDED ENTRY ELEMENTS (KOHA) |
| Koha item type |
Books |
| Source of classification or shelving scheme |
|